MARC details
| 000 -CABECERA |
| campo de control de longitud fija |
01794nam a2200253 a 4500 |
| 001 - NÚMERO DE CONTROL |
| campo de control |
000006222 |
| 005 - FECHA Y HORA DE LA ÚLTIMA TRANSACCIÓN |
| campo de control |
20250123122253.0 |
| 008 - DATOS DE LONGITUD FIJA--INFORMACIÓN GENERAL |
| campo de control de longitud fija |
090827s1999 dr 001 0 spa d |
| 020 ## - NÚMERO INTERNACIONAL ESTÁNDAR DEL LIBRO |
| Número Internacional Estándar del Libro |
8489525633 |
| 040 ## - FUENTE DE LA CATALOGACIÓN |
| Centro catalogador/agencia de origen |
DO-SdBNP |
| Lengua de catalogación |
spa |
| Centro/agencia transcriptor |
BNPHU |
| 082 ## - NÚMERO DE LA CLASIFICACIÓN DECIMAL DEWEY |
| Número de clasificación |
370.71 |
| Número de documento/Ítem |
F438f |
| 100 1# - ENTRADA PRINCIPAL--NOMBRE DE PERSONA |
| Nombre de persona |
Fiallo Billini, José Antinoe |
| Fechas asociadas al nombre |
1944- |
| 9 (RLIN) |
10159 |
| 245 13 - MENCIÓN DE TÍTULO |
| Título |
La formación de maestros y maestras en República Dominicana : |
| Resto del título |
una reflexión sobre los saberes en una perspectiva histórica 1844-1992 / |
| Mención de responsabilidad, etc. |
José Antinoe Fiallo Billini, Alejandrina Germán de Sosa. |
| 260 ## - PUBLICACIÓN, DISTRIBUCIÓN, ETC. |
| Lugar de publicación, distribución, etc. |
Santo Domingo : |
| Nombre del editor, distribuidor, etc. |
Instituto Tecnológico de Santo Domingo, |
| Fecha de publicación, distribución, etc. |
1999. |
| 300 ## - DESCRIPCIÓN FÍSICA |
| Extensión |
218 p. ; |
| Dimensiones |
21 cm. |
| 500 ## - NOTA GENERAL |
| Nota general |
Bibliografía: p. 205-218 |
| 505 0# - NOTA DE CONTENIDO CON FORMATO |
| Información miscelánea |
Introducción -- |
| Título |
Características generales del período 1844-1865 -- |
| -- |
Características del período 1866-1899 -- |
| -- |
Características generales del período 1900-1916 -- |
| -- |
Características generales del período 1916-1924 -- |
| -- |
Características generales del período 1930-1961 -- |
| -- |
Características generales del período 1961-1978 -- |
| -- |
Características generales del período 1978-1992 -- |
| -- |
Plan Decenal de Educación -- |
| -- |
Ante-proyecto de Ley General de Educación -- |
| -- |
Proyecto de resolución que establece el programa de profesionalización para docentes bachilleres en el nivel básico del sector oficial -- |
| -- |
Algunos puntos de vistas recientes en la discusión y debate internacional sobre curriculum y formación de maestros -- |
| Información miscelánea |
Consideraciones finales -- |
| -- |
Citas y notas bibliográficas. |
| 590 ## - NOTA LOCAL (RLIN) |
| Nota local |
Inventariado, 2018/LP |
| 650 #4 - PUNTO DE ACCESO ADICIONAL DE MATERIA--TÉRMINO DE MATERIA |
| Término de materia o nombre geográfico como elemento de entrada |
Formación profesional de maestros |
| 9 (RLIN) |
17397 |
| 650 #4 - PUNTO DE ACCESO ADICIONAL DE MATERIA--TÉRMINO DE MATERIA |
| Término de materia o nombre geográfico como elemento de entrada |
Educación |
| Subdivisión geográfica |
República Dominicana |
| Subdivisión general |
Historia |
| 9 (RLIN) |
13100 |
| 650 #4 - PUNTO DE ACCESO ADICIONAL DE MATERIA--TÉRMINO DE MATERIA |
| Término de materia o nombre geográfico como elemento de entrada |
Capacitación docente |
| 9 (RLIN) |
17398 |
| 700 1# - PUNTO DE ACCESO ADICIONAL--NOMBRE DE PERSONA |
| Nombre de persona |
Germán de Sosa, Alejandrina |
| 9 (RLIN) |
17107 |
| 910 ## - DATOS DE OPCIÓN DEL USUARIO (OCLC) |
| Datos de opción del usuario |
Validado. Control de calidad EMS |